| 000 | 01025cam a22002171 4500 | ||
|---|---|---|---|
| 001 | f 01003640 | ||
| 003 | DLC | ||
| 005 | 20260227111247.0 | ||
| 008 | 860630s1869 be 000 0 fre | ||
| 010 | _af 01003640 | ||
| 035 | _a(OCoLC)13801177 | ||
| 040 |
_aDLC _cMdBJ-W _dMdBJ-W _dDLC |
||
| 042 | _apremarc | ||
| 050 | 0 | 0 |
_aLF4015 _b.L4 |
| 100 | 1 |
_aLe Roy, Alphonse, _d1822- |
|
| 245 | 1 | 0 |
_aLiber memorialis. _bL'Université de Liége depuis sa fondation, _cpar Alphonse Le Roy ... Ouvrage rédigé et publié en vertu d'une décision du conseil académique, à l'occasion du premier jubilé semi-séculaire de l'Université (3 nov. 1867). |
| 260 |
_aLiége, _bImpr. J.G. Carmanne, _c1869. |
||
| 300 |
_a2 p.l., 80, lxxix p., 1180 col., cxliv p. _bfront., illus., double pl., plans. _c27 cm. |
||
| 505 | 0 | _aI. ptie. Les fêtes du 3 novembre 1867.--2. ptie. La famille universitaire. I. Les professeurs et leur auxiliaires.--3. ptie. La famille universitiare. II. Les élèves. | |
| 610 | 2 | 0 |
_aUniversité de Liège _xHistory. |
| 999 |
_c23134 _d23134 |
||